000
00333nam a2200133Ia 4500
008
240624s9999 xx 000 0 und d
041
_a
eng
082
_a
297.09 ESP
100
_a
ESPOSITO JOHN L
245
_a
FUTURE OF ISLAM
260
_c
2010
_a
New Delhi
_b
Oxford India
300
_a
xviii, : 234 : p. : cm. ; 23
365
_c
RS
_b
31
999
_c
23354
_d
23354